Paesi che producono più fragole - Statistics

Statistiche generali
  • Questo quiz è stato fatto 64 volte
  • Il punteggio medio è 14 su 20
Statistiche sulle risposte
tonnellate
x 1000
nazione % Corretto
41 Italia
98%
290 Spagna
97%
1367 Stati Uniti
95%
55 Francia
93%
156 Germania
92%
360 Messico
88%
174 Russia
81%
353 Turchia
78%
185 Giappone
73%
96 Regno Unito
71%
140 Marocco
69%
242 Egitto
64%
41 Belgio
63%
50 Paesi Bassi
63%
150 Polonia
63%
60 Ucraina
61%
61 Colombia
49%
45 Cile
46%
192 Corea del Sud
31%
47 Bielorussia
29%
Nessun quiz corrispondente trovato
Distribuzione punteggi
Percentuale di utenti per punteggio
Percentile per numero di risposta
I tuoi punteggi nel tempo
Non hai fatto questo quiz